000 00396nam a2200145Ia 4500
008 210210b1966 xxu||||| |||| 00| 0 eng d
082 _a330.9073 ALLC
100 _aALLOWAY (David N).
245 _aCollege level economic history of the United States.
260 _aNY
_bMonarch Press
_c1966
300 _a148
650 _aAmerican economics USA
690 _aEconomic History
906 _a033836
999 _c84583
_d84583